000 00301nam a2200121 a 4500
008 101025s1979|||| d
100 1 _aLondon, Jack
245 1 0 _aBiely tesák, volanie divočiny, morský vlk
044 _axo
_cSK
041 _aslo
260 _bTatran
_aBratislava
_c1979
020 _c33
999 _c12127
_d12127